000 01035nam a22003017a 4500
003 CHAP
005 20220329141649.0
008 971013s1962 r 00010 d
010 _a71835
011 _a72807
035 _a82363
040 _cCHAP
082 _a636.213
_bD38
100 0 0 _aDavis, Richard F.
_931292
245 _aModern dairy cattle management
260 _aEnglewood Cliffs :
_bPrentice-Hall,
_c1962
300 _a264 p.
_b: ilus.
590 _aBATCH-UPD
_b10
_c20130110
_lUCH01
_h0721
590 _aCONVERSION
_b10
_c20130109
_lUCH01
_h1339
650 1 4 _aGanado lechero.
_945237
650 1 4 _aIndustria lechera.
_957819
901 _aBK
942 _cLIBRO
949 _a636.213 D38
_bBC
_cLIBRO
_d33724000104626
_eLIBRO
_h24551
_i82363
_si
_t87.50
949 _a636.213 D38
_bBC
_cLIBRO
_d33724000104634
_eLIBRO
_fc.2
_h11700
_i82363
_si
_t87.50
949 _a636.213 D38
_bBC
_cLIBRO
_d33724000104659
_eLIBRO
_fc.4
_h39618
_i82363
_si
_t87.50
949 _a636.213 D38
_bBC
_cLIBRO
_d33724002062199
_eLIBRO
_fc.3
_h11701
_i82363
_si
_t87.50
999 _c71835
_d71835